Autour des Premiers ministres de la Ve République - Plusieurs réponses - Statistiques

Statistiques générales
  • Ce quiz a été pris 98 fois
    47 depuis la dernière actualisation
  • Le résultat moyen est 24 sur 30
Statistiques - réponses
Ce premier ministre Réponse % Correct
est une femme Edith Cresson | Elisabeth Borne
98%
est resté plus de 4 ans à Matignon Georges Pompidou | François Fillon | Lionel Jospin | Raymond Barre
93%
a été élu président de la République Georges Pompidou | Jacques Chirac
90%
a formé au moins deux gouvernements Georges Pompidou | Pierre Messmer | Raymond Barre | Pierre Mauroy | Jacques Chirac | Michel Rocard | Alain Juppé | Jean-Pierre Raffarin | François Fillon | Jean-Marc Ayrault | Manuel Valls | Edouard Philippe
90%
a connu une cohabitation Jacques Chirac | Edouard Balladur | Lionel Jospin
90%
s'est présenté à l'élection présidentielle en étant à Matignon Jacques Chirac | Edouard Balladur | Lionel Jospin
90%
est décédé avant le 1er janvier 2024 Michel Debré | Georges Pompidou | Maurice Couve de Murville | Jacques Chaban-Delmas | Pierre Messmer | Jacques Chirac | Raymond Barre | Pierre Mauroy | Michel Rocard | Pierre Bérégovoy
90%
se prénomme Pierre Pierre Mauroy | Pierre Messmer | Pierre Bérégovoy
90%
n'a pas été ministre avant d'être premier ministre Georges Pompidou | Pierre Mauroy | Raymond Barre | Edouard Philippe | Jean Castex
88%
est resté moins d'un an au pouvoir (hors PM en fonction) Pierre Bérégovoy | Maurice Couve de Murville | Edith Cresson | Bernard Cazeneuve | Gabriel Attal
88%
est né avant la 1ère Guerre mondiale Michel Debré | Georges Pompidou | Maurice Couve de Murville
86%
est né dans l'entre-deux-guerres Jacques Chirac | Raymond Barre | Pierre Mauroy | Michel Rocard | Edith Cresson | Pierre Bérégovoy | Edouard Balladur | Lionel Jospin
83%
porte un des 10 prénoms les plus répandus en France en 2022 Jean Castex | Michel Debré | Michel Rocard | Alain Juppé | Pierre Messmer | Pierre Mauroy | Pierre Bérégovoy | Gabriel Attal | Michel Barnier
83%
est né après le 18 mars 1962 Manuel Valls | Bernard Cazeneuve | Edouard Philippe | Jean Castex | Gabriel Attal
81%
est Parisien de naissance Michel Debré | Jacques Chaban-Delmas | Jacques Chirac | Laurent Fabius | Elisabeth Borne
81%
a été professeur Georges Pompidou | Raymond Barre | Pierre Mauroy | Alain Juppé | Lionel Jospin | Jean-Marc Ayrault
79%
a été président de l'Assemblée nationale Jacques Chaban-Delmas | Laurent Fabius
79%
est né entre le 8 mai 1945 et le 18 mars 1962 Laurent Fabius | Alain Juppé | Jean-Pierre Raffarin | Dominique de Villepin | François Fillon | Jean-Marc Ayrault | Elisabeth Borne | Michel Barnier
79%
a été ministre après avoir été premier ministre Laurent Fabius | Michel Debré | Alain Juppé | Jean-Marc Ayrault
79%
a fait l'ENA Alain Juppé | Laurent Fabius | Jacques Chirac | Michel Rocard | Edouard Balladur | Lionel Jospin | Dominique de Villepin | Edouard Philippe | Jean Castex
76%
a eu au moins un parent enseignant Georges Pompidou | Jacques Chaban-Delmas | Pierre Mauroy | Michel Rocard | Lionel Jospin | François Fillon | Bernard Cazeneuve | Edouard Philippe | Jean Castex
76%
est diplômé en droit François Fillon | Raymond Barre | Michel Debré | Jacques Chaban-Delmas | Dominique de Villepin | Pierre Messmer | Jean Castex | Maurice Couve de Murville | Gabriel Attal
74%
partage ses initiales avec un autre premier ministre Jacques Chirac | Jean Castex | Pierre Mauroy | Pierre Messmer
74%
est né dans un pays étranger Manuel Valls | Edouard Balladur | Dominique de Villepin
71%
a été sénateur Michel Debré | Maurice Couve de Murville | Pierre Mauroy | Michel Rocard | Jean-Pierre Raffarin | François Fillon
69%
a eu 4 enfants Michel Debré | Jacques Chaban-Delmas | Michel Rocard | Edouard Balladur | Manuel Valls | Jean Castex
67%
est né pendant la 1ère Guerre mondiale Pierre Messmer | Jacques Chaban-Delmas
67%
est du signe du lion Alain Juppé | Laurent Fabius | Jean-Pierre Raffarin | Manuel Valls
57%
est Normalien Georges Pompidou | Alain Juppé
52%
a été lauréat du Concours général Maurice Couve de Murville | Georges Pompidou
48%
Aucun quiz correspondant
Distribution des résultats
% des personnes avec chaque résultat
Percentile par nombre de réponses
Votre historique - résultats
Vous n’avez pas pris ce quiz depuis la dernière actualisation